| 000 | 00775nas a2200241 4500 | ||
|---|---|---|---|
| 001 | BR0808013 | ||
| 003 | BR-BrBNA | ||
| 005 | 20231205112756.0 | ||
| 007 | ta | ||
| 008 | 230509b bl.|||p| |||| 00| 00por d | ||
| 040 |
_aBR-BrBNA _bpor _cBiblioteca Nacional de Agricultura |
||
| 041 | _a(En) | ||
| 072 | _aL70 | ||
| 100 | 1 | _aFlório, J.C. | |
| 100 | 1 | _aSakate, M. | |
| 100 | 1 | _aPalermo Neto, J. | |
| 245 | 1 | _aEffects of amitraz on the arterial blood pressure and body rectal temperature of concious rats | |
| 650 | _aRATO | ||
| 650 | _aPRESSÃO ARTERIAL | ||
| 773 | 0 |
_tBrazilian Journal of Veterinary Research and Animal Science (Brazil) _xISSN 1413-9596 _g(1995), v. 32(3) p. 160-164 _wBR0808013 |
|
| 909 |
_a202311 _bLúcia _c55 _dLúcia Elande |
||
| 942 |
_2AGRIS _n0 _cANA |
||
| 999 |
_c199908 _d199908 |
||